Pokémon commençant par R - Statistiques

Statistiques générales
  • Ce quiz a été pris 3 307 fois
    1 708 depuis la dernière actualisation
  • Le résultat moyen est 28 sur 50
Statistiques - réponses
Réponse % Correct
019 Rattata
92%
020 Rattatac
90%
017 Roucoups
87%
018 Roucarnage
86%
016 Roucool
86%
026 Raichu
81%
022 Rapasdepic
81%
005 Reptincel
79%
111 Rhinocorne
77%
112 Rhinoféros
77%
464 Rhinastoc
71%
378 Regice
69%
486 Regigigas
69%
379 Registeel
69%
039 Rondoudou
69%
074 Racaillou
68%
045 Rafflesia
68%
377 Regirock
68%
143 Ronflex
67%
079 Ramoloss
65%
243 Raikou
64%
199 Roigada
61%
504 Ratentif
60%
384 Rayquaza
59%
447 Riolu
55%
500 Roitiflam
55%
895 Regidrago
54%
894 Regieleki
54%
223 Rémoraid
52%
643 Reshiram
49%
528 Rhinolove
47%
369 Relicanth
46%
315 Rosélia
44%
819 Rongourmand
43%
820 Rongrigou
43%
407 Roserade
43%
294 Ramboum
40%
451 Rapion
40%
406 Rozbouton
40%
529 Rototaupe
39%
743 Rubombelle
38%
744 Rocabot
36%
1005 Rugit-Lune
36%
828 Roublenard
33%
697 Rexillius
32%
654 Roussil
31%
1022 Roc-de-Fer
29%
990 Roue-de-Fer
29%
368 Rosabyss
28%
988 Rampe-Ailes
25%
Aucun quiz correspondant
Distribution des résultats
% des personnes avec chaque résultat
Percentile par nombre de réponses
Votre historique - résultats
Vous n’avez pas pris ce quiz depuis la dernière actualisation